|
|
|
|
| LEADER |
00000cam a2200000 a 4500 |
| 001 |
vtls011635786 |
| 003 |
SK-MaSNL |
| 005 |
20260301221945.0 |
| 008 |
240313s2015 xo a g 000 j slo |
| 015 |
|
|
|a SNBA2017/07
|
| 020 |
|
|
|a 9788097163419
|q (brož.)
|
| 035 |
|
|
|a urn:nbn:sk:snk-am00cxn8
|
| 035 |
|
|
|a urn:nbn:sk:snk-am3hen9
|
| 035 |
|
|
|a BE1A9229-E10C-49C2-902E-18A4213C8EE7
|
| 040 |
|
|
|a SNK
|b slo
|c SNK
|e AACR2
|
| 041 |
0 |
|
|a slo
|
| 043 |
|
|
|a e-xo---
|
| 044 |
|
|
|a xo
|c SK
|
| 072 |
|
7 |
|a 821.162.4-3
|x Slovenská próza
|2 konspekt
|
| 080 |
|
|
|a 821.162.4-34
|2 2011
|
| 080 |
|
|
|a (437.6)
|2 2011
|
| 080 |
|
|
|a (0:82-343)
|2 2011
|
| 080 |
|
|
|a 78.07
|2 2011
|
| 100 |
1 |
|
|a Kulíšek, Vlado,
|d 1960-
|4 aut
|9 84625
|
| 245 |
1 |
0 |
|a Štefan
|b trenčiansky mestský bubeník
|c Vlado Kulíšek ; [ilustroval a graficky upravil Jozef Vydrnák]
|
| 250 |
|
|
|a 1. slov. vyd.
|
| 260 |
|
|
|a [Trenčín]
|b Kvart
|b Mestský úrad
|c 2015
|
| 300 |
|
|
|a [14] s.
|b ilustr.
|c 21 cm
|
| 500 |
|
|
|a Názov z obalu
|
| 650 |
0 |
7 |
|a bubeníci
|2 SNKPH
|9 102582
|
| 650 |
0 |
7 |
|a Drummers (Musicians)
|2 SNKPHeng
|9 610918
|
| 651 |
|
7 |
|a Trenčín (Slovensko)
|2 SNKPH
|9 159956
|
| 651 |
|
7 |
|a Trenčín (Slovakia)
|2 SNKPHeng
|9 267590
|
| 655 |
|
7 |
|a slovenské povesti
|2 SNKPH
|9 70638
|
| 655 |
|
7 |
|a Legends
|2 SNKPHeng
|9 289776
|
| 655 |
|
7 |
|a legendy
|2 SNKPH
|9 70589
|
| 655 |
|
7 |
|a Slovak legends
|2 SNKPHeng
|9 293260
|
| 700 |
1 |
|
|a Vydrnák, Jozef,
|d 1961-
|4 ill
|9 106060
|
| 852 |
|
|
|a Štátna vedecká knižnica v Banskej Bystrici
|
| 919 |
|
|
|a 978-80-971634-1-9
|
| 958 |
|
|
|a LX
|
| 999 |
|
|
|c 938055
|d 939985
|
| 952 |
|
|
|a SNK
|b SNK
|y PREZ
|7 0
|p 17A1261281
|o snkSC 175292
|i snk2017/15120
|8 0
|0 0
|1 0
|4 0
|d 2017-06-28
|f 1
|l 0
|r 2025-09-17 00:00:00
|w 2026-02-24
|
| 952 |
|
|
|a SNK
|b SNK
|y VYP
|7 0
|p 17A1261282
|o snkSC 175292 D1
|i snk2017/15121
|8 0
|0 0
|1 0
|4 0
|d 2017-06-28
|l 0
|r 2026-02-24 09:09:35
|w 2026-02-24
|